|
|
|
|
| LEADER |
00000nam0a2200000 4500 |
| 001 |
250940 |
| 005 |
20240314131824.0 |
| 035 |
|
|
|a (RuTPU)RU\TPU\book\273180
|
| 035 |
|
|
|a RU\TPU\book\89962
|
| 090 |
|
|
|a 250940
|
| 100 |
|
|
|a 20140218d2010 km y0rusy50 ca
|
| 101 |
0 |
|
|a rus
|
| 102 |
|
|
|a RU
|
| 105 |
|
|
|a ac z 010zc
|
| 200 |
1 |
|
|a История кафедры физической и аналитической химии (1900-2010)
|f Национальный исследовательский Томский политехнический университет (ТПУ) ; под ред. А. А. Бакибаева ; сост. А. Г. Стромберг, Н. П. Михеева, Т. М. Гиндуллина, А. С. Кабакаев
|
| 210 |
|
|
|a Томск
|c Изд-во ТПУ
|d 2010
|
| 215 |
|
|
|a 79 с.
|c ил., портр.
|
| 300 |
|
|
|a Посвящается столетию профессора А. Г. Стромберга
|
| 330 |
|
|
|a Данный сборник дает представление об истории кафедры физической и аналитической химии с 1900 по 2010 гг., состоит из 3-х глав, в которых отражены пероды возникновения, существования и реорганизации первоначальных кафедр. Сборник иллюстрирован фотоматериалами, относящимися к различным периодам. При написании этой книги были использованы архивные материалы, воспоминания бывших сотрудников, а также материал и фотографии из альбомов кафедры аналитической химии, составленных в 1955 г. Эфенди М. М., в 1965 г. Ю. Л. Лельчуком и Н. Г. Батуриной, в 1985 г. Г. Н. Сутягиной и Л. С. Кулмана-ковой, из альбома кафедры физической химии, посвященному первому заведующему кафедры физической химии Котюкову И. И. Издание сборника приурочено к столетию со дня рождения профессора А. Г. Стромберга.
|
| 601 |
0 |
2 |
|a Национальный исследовательский Томский политехнический университет (ТПУ)
|b Институт природных ресурсов (ИПР)
|b Кафедра физической и аналитической химии (ФАХ)
|h 94
|2 stltpush
|3 (RuTPU)RU\TPU\col\18656
|
| 606 |
1 |
|
|a Томский политехнический университет
|2 stltpush
|3 (RuTPU)RU\TPU\subj\67475
|9 83260
|
| 610 |
1 |
|
|a высшие учебные заведения
|
| 610 |
1 |
|
|a история
|
| 610 |
1 |
|
|a Сибирь
|
| 610 |
1 |
|
|a Томск
|
| 610 |
1 |
|
|a создание
|
| 610 |
1 |
|
|a существование
|
| 610 |
1 |
|
|a реорганизация
|
| 610 |
1 |
|
|a 20 век
|
| 610 |
1 |
|
|a труды учёных ТПУ
|
| 610 |
1 |
|
|a Коллекция История ТПУ
|
| 686 |
|
|
|a Ч484(2)72ТПУ
|2 rubbk
|
| 702 |
|
1 |
|a Бакибаев
|b А. А.
|c химик
|c профессор Томского политехнического университета, доктор химических наук
|f 1960-
|g Абдигали Абдиманапович
|3 (RuTPU)RU\TPU\pers\27073
|4 340
|9 12623
|
| 702 |
|
1 |
|a Стромберг
|b А. Г.
|c химик, специалист в области классической полярографии и инверсионной вольтамперометрии
|c профессор Томского политехнического института
|f 1910-2004
|g Армин Генрихович
|3 (RuTPU)RU\TPU\pers\11188
|4 220
|9 2478
|
| 702 |
|
1 |
|a Михеева
|b Н. П.
|c химик-технолог
|c доцент Томского политехнического университета
|f 1943-
|g Нина Петровна
|3 (RuTPU)RU\TPU\pers\27075
|4 220
|9 12625
|
| 702 |
|
1 |
|a Гиндуллина
|b Т. М.
|c химик
|c доцент Томского политехнического университета, кандидат химических наук
|f 1951-
|g Татьяна Михайловна
|3 (RuTPU)RU\TPU\pers\27651
|4 220
|9 12762
|
| 702 |
|
1 |
|a Кабакаев
|b А. С.
|c специалист в области информатики и вычислительной техники
|c начальник отдела мультимедийных комплексов Томского политехнического университета
|f 1982-
|g Александр Сергеевич
|3 (RuTPU)RU\TPU\pers\29532
|4 220
|9 14068
|
| 712 |
0 |
2 |
|a Национальный исследовательский Томский политехнический университет
|c (2009- )
|3 (RuTPU)RU\TPU\col\15902
|9 26305
|
| 801 |
|
1 |
|a RU
|b 63413507
|c 20051020
|g PSBO
|
| 801 |
|
2 |
|a RU
|b 63413507
|c 20210204
|g PSBO
|
| 942 |
|
|
|c BK
|